000 00346nam a2200133Ia 4500
008 151001s9999||||xx |||||||||||||| ||und||
100 _a उन्मेष
245 _aमहात्मा गांधी
250 _a1
260 _bवैशाली पानवलकर
260 _c2004
300 _a38
365 _b21
999 _c983155
_d983152